BIBLIOTECA

SENCICO

El gran libro de los interiores (Registro nro. 2472)

Detalles MARC
000 -LEADER
fixed length control field 01061nam a2200289Ia 4500
003 - CONTROL NUMBER IDENTIFIER
control field PE SENCICO BE
005 - DATE AND TIME OF LATEST TRANSACTION
control field 20251020182543.0
008 - FIXED-LENGTH DATA ELEMENTS--GENERAL INFORMATION
fixed length control field 200515s9999 xx 000 0 und d
020 ## - INTERNATIONAL STANDARD BOOK NUMBER
International Standard Book Number 978-84-9936-987-7
040 ## - CATALOGING SOURCE
Original cataloging agency PE SENCICO BE
Transcribing agency PE SENCICO BE
082 ## - DEWEY DECIMAL CLASSIFICATION NUMBER
Classification number 747
Edition information G
245 #0 - TITLE STATEMENT
Title El gran libro de los interiores
250 ## - EDITION STATEMENT
Edition statement [1a ed.]
260 ## - PUBLICATION, DISTRIBUTION, ETC.
Place of publication, distribution, etc. Barcelona:
Name of publisher, distributor, etc. Booq publishing,
Date of publication, distribution, etc. 2015
300 ## - PHYSICAL DESCRIPTION
Extent 491 p. :
Other physical details il., fot., col. ;
Dimensions 31 cm.
520 ## - SUMMARY, ETC.
Summary, etc. El diseño de interiores, al igual que la sociedad, evoluciona año tras año. Las tendencias actuales toman en cuenta factores como la importancia de la tecnología, el respeto al medio ambiente y el uso eficiente de la energía. este libro es un auténtico es
650 14 - SUBJECT ADDED ENTRY--TOPICAL TERM
Topical term or geographic name entry element Diseño de interiores
9 (RLIN) 44
650 24 - SUBJECT ADDED ENTRY--TOPICAL TERM
Topical term or geographic name entry element Baños
9 (RLIN) 1047
650 24 - SUBJECT ADDED ENTRY--TOPICAL TERM
Topical term or geographic name entry element Cocinas
9 (RLIN) 1009
650 24 - SUBJECT ADDED ENTRY--TOPICAL TERM
Topical term or geographic name entry element Comedores
9 (RLIN) 346
650 24 - SUBJECT ADDED ENTRY--TOPICAL TERM
Topical term or geographic name entry element Decoración de interiores
9 (RLIN) 25
650 24 - SUBJECT ADDED ENTRY--TOPICAL TERM
Topical term or geographic name entry element Dormitorios
9 (RLIN) 1048
650 24 - SUBJECT ADDED ENTRY--TOPICAL TERM
Topical term or geographic name entry element Salas
9 (RLIN) 1049
700 1# - ADDED ENTRY--PERSONAL NAME
9 (RLIN) 384
Personal name Martinez Alonso, Claudia
Relator term editor
942 ## - ADDED ENTRY ELEMENTS (KOHA)
Koha item type Libros
Source of classification or shelving scheme Dewey Decimal Classification
Existencias
Fecha de la última vez que lo usaron Número de ingreso o de inventario Pago total Signatura topográfica completa Precio efectivo desde Tipo de documento Estado perdido Sistema de clasificación Estado dañado No es para préstamo Retirado Ubicación permanente Ubicación actual Fecha de adquisición
15/05/2020 16141   747/G 15/05/2020 Libros   Dewey Decimal Classification       Biblioteca Central Lima Biblioteca Central Lima 15/05/2020